Vida de Jesús
Gorde:
| Egile nagusia: | |
|---|---|
| Formatua: | Liburua |
| Hizkuntza: | gaztelania |
| Argitaratua: |
Buenos Aires
Asociación Casa Editora Sudamericana
2009
|
| Edizioa: | 4a. ed |
| Gaiak: | |
| Etiketak: |
Etiketa erantsi
Etiketarik gabe, Izan zaitez lehena erregistro honi etiketa jartzen!
|
MARC
| LEADER | 00000nam a2200000 a 4500 | ||
|---|---|---|---|
| 001 | UCG7040 | ||
| 003 | CL-VaPUC | ||
| 008 | 110617e20090000AG |||||||||||||||||spa|d | ||
| 020 | |a 9789875674707 | ||
| 082 | 0 | 4 | |a 232.9 |b WHI |2 21 |
| 100 | 0 | |a White, Elena G. de |e author |9 557566 | |
| 245 | 1 | 0 | |a Vida de Jesús |
| 250 | |a 4a. ed | ||
| 300 | |a 144 p | ||
| 942 | |c BK | ||
| 945 | |d 20110617 00:00:00 |a dcastane | ||
| 260 | |a Buenos Aires |b Asociación Casa Editora Sudamericana |c 2009 | ||
| 600 | 0 | 7 | |a WHITE, ELLEN GOULD HARMON DE |2 CL-VaPUC |9 557567 |
| 650 | 0 | |a Vida de Jesús |9 478097 | |
| 583 | |a last modification |c 20110617 00:00:00 |k Rodrigo Vera | ||
| 999 | |c 345130 |d 345128 | ||
| 952 | |0 0 |1 0 |4 0 |6 232_900000000000000_WHI_2009 |7 0 |8 A |9 443597 |a BIBTEO |b BIBTEO |d 2019-11-22 |i 4784472 |o 232.9 WHI 2009 |p 4784472 |r 2025-01-17 |w 2019-11-22 |y BK |k ICR | ||